00500nam a2200181Ia 450000500170000000800410001702000140005804000190007204100120009108200150010310000270011824500700014526000350021530000160025065000210026670000210028785000100030820240401114535.0131103s9999 xx 000 0 und d a134711521 aLoreto College aEnglish a420.7bSIL aSilva, Tony and others aVistascTony Silva, Sharon Seymour, Pamela Polos and Sandra McKay aNew JersybPrentice-Hallc1991 a148p.b pic aEnglish language aSeymour, Sharon  aLCBED